| 000 | 00868cam a2200241 a 4500 | ||
|---|---|---|---|
| 020 | _a0070464847 | ||
| 082 | 0 | 0 |
_a624.152 _bNIC _cL-NUST-01, p-44. : |
| 100 | 1 |
_aNichols, Herbert L. _942655 |
|
| 245 | 1 | 0 |
_aMoving the earth : _bthe workbook of excavation / _cHerbert L. Nichols, Jr., David A. Day. |
| 250 | _a4th ed. | ||
| 260 |
_aNew York : _bMcGraw-Hill, _cc1999. |
||
| 300 |
_a1 v. (various pagings) : _bill. ; _c25 cm. |
||
| 500 | _aIncludes index. | ||
| 526 |
_a0 _b0 _c0 _d624_152000000000000_NIC |
||
| 650 | 0 |
_aEarthmoving machinery. _920230 |
|
| 650 | 0 |
_aEarthwork. _919708 |
|
| 650 | 0 |
_aNUST _96342 |
|
| 700 | 1 |
_aDay, David A., _942656 |
|
| 856 | 4 | 1 | _uhttp://www.loc.gov/catdir/toc/mh022/98015161.html |
| 856 | 4 | 2 | _uhttp://www.loc.gov/catdir/bios/mh041/98015161.html |
| 856 | 4 | 2 | _uhttp://www.loc.gov/catdir/description/mh023/98015161.html |
| 942 |
_2ddc _cBK |
||
| 999 |
_c546507 _d546507 |
||